|
|
|
|
| LEADER |
00000nab a2200000 ar4500 |
| 001 |
vtls009191401 |
| 003 |
SK-MaSNL |
| 005 |
20260303052846.0 |
| 008 |
080313c2008 xo mr|p|||||||000 b|slo |
| 015 |
|
|
|a SNBRB2008/03
|2 snkbucl
|
| 040 |
|
|
|a SNKBUCL
|b slo
|c SNKBUCL
|e AACR2
|
| 041 |
0 |
|
|a slo
|
| 044 |
|
|
|a xo
|c SK
|
| 080 |
|
|
|a 791.635
|2 2001
|
| 080 |
|
|
|a 929 Tappert, Horst
|2 2001
|
| 080 |
|
|
|a 7.097
|x (430)
|2 2001
|
| 100 |
1 |
|
|a Fábry, Viliam,
|d 1929-
|4 aut
|9 206654
|
| 245 |
1 |
0 |
|a Derrick na dôchodku
|b najdlhší a najúspešnejší detektívny seriál nemá pokračovanie
|c Viliam Fábry
|
| 300 |
|
|
|b Fotogr.
|
| 600 |
1 |
7 |
|a Tappert, Horst,
|d 1923-2008
|2 snkbucl
|9 918020
|
| 630 |
0 |
7 |
|a Derrick (televízny seriál)
|2 snkbucl
|9 1044582
|
| 773 |
0 |
|
|t Extra plus
|g Roč. 8, január (2008), s. [32-33]
|x 1336-0256
|
| 852 |
|
|
|a SNK
|b KIS3GCP
|
| 958 |
|
|
|a DE
|
| 999 |
|
|
|c 1716913
|d 1718843
|